00383nam a22001457a 450000500170000000800410001702000180005808200170007610000200009324500220011325000080013526000410014330000130018450000400019720250321054017.0250321b |||||||| |||| 00| 0 eng d a9789557861210 222a891bSAK aPerera, Denison aSakuwala Dadiyama a2nd aMaharagamabAakasa media worksc2017 a148 p ., aA book of Ancient Buddhist History